000 00227 a2200097 4500
001 46518
100 _aQ A Khaliq
245 _aFifty lessons to learn Pushto
260 _aPeshawar
_bOfficers Language
_c
090 _c29619
_d29619
942 _aNUST-CAE
_cM
_c21801
999 _c281591
_d281591